Crepusculario

Enregistré dans:
Détails bibliographiques
Auteur principal: Neruda, Pablo (autor)
Format: Livre
Langue:espagnol
Publié: Santiago Nascimento 1975
Sujets:
Tags: Ajouter un tag
Pas de tags, Soyez le premier à ajouter un tag!

MARC

LEADER 00000nam a2200000 a 4500
001 UCX4422
003 CL-VaPUC
008 920512e19750000CL |||||||||||||||||spa|d
082 0 4 |a Ch861  |b NER  |2 21 
100 |a Neruda, Pablo  |e autor  |9 306531 
245 1 0 |a Crepusculario 
300 |a 111 p 
942 |c BK 
945 |d 19920512 00:00:00 
260 |a Santiago  |b Nascimento  |c 1975 
650 0 |a Poesías chilenas   |9 265280 
583 |a last modification  |c 19920512 00:00:00  |k Rodrigo Vera 
999 |c 224880  |d 224878 
952 |0 0  |1 0  |4 0  |6 CH_861_000000000000000_NER_1975  |7 0  |8 A  |9 221899  |a BIBEDU  |b BIBEDU  |d 2019-11-15  |i 290781K  |o Ch861 NER 1975  |p 290781K  |r 2019-11-15  |w 2019-11-15  |y BK  |k LIT